গিরিশ-রচনাসম্ভার / (Record no. 52495)
[ view plain ]
| 000 -LEADER | |
|---|---|
| fixed length control field | 00973nam a22002417a 4500 |
| 001 - CONTROL NUMBER | |
| control field | 52495 |
| 003 - CONTROL NUMBER IDENTIFIER | |
| rucl marc code | BD-RjUL |
| 005 - DATE AND TIME OF LATEST TRANSACTION | |
| control field | 20211209075822.0 |
| 008 - FIXED-LENGTH DATA ELEMENTS--GENERAL INFORMATION | |
| fixed length control field | 160921r19631965ii ||||| |||| 00| 0 ben d |
| 020 ## - INTERNATIONAL STANDARD BOOK NUMBER | |
| Terms of availability | : IRs 12.50 |
| 035 ## - SYSTEM CONTROL NUMBER | |
| System control number | (BD-RjUL)52615 |
| 040 ## - CATALOGING SOURCE | |
| Original cataloging agency | BD-RjUL |
| Language of cataloging | ben |
| Transcribing agency | BD-RjUL |
| 041 ## - LANGUAGE CODE | |
| Language code of text/sound track or separate title | ben |
| 082 ## - DEWEY DECIMAL CLASSIFICATION NUMBER | |
| Edition number | 23 |
| Classification number | 891.4408 |
| Author mark and year | GHG 1965 |
| 100 ## - MAIN ENTRY--PERSONAL NAME | |
| Personal name | ঘোষ, গিরিশচন্দ্র |
| 9 (RLIN) | 119262 |
| 245 10 - TITLE STATEMENT | |
| Title | গিরিশ-রচনাসম্ভার / |
| Statement of responsibility, etc. | গিরিশচন্দ্র ঘোষ |
| 260 ## - PUBLICATION, DISTRIBUTION, ETC. (IMPRINT) | |
| Place of publication, distribution, etc. | কলিকাতা : |
| Name of publisher, distributor, etc. | মিত্র ও ঘোষ, |
| Date of publication, distribution, etc. | ১৯৬৩ [মুদ্রণ ১৯৬৫] |
| 300 ## - PHYSICAL DESCRIPTION | |
| Pagination | ৭৮৮ পৃ. : |
| Illustrations | চিত্র ; |
| Size | ২১ সেমি. |
| 650 ## - SUBJECT ADDED ENTRY--TOPICAL TERM | |
| Topical term or geographic name as entry element | বাংলা সাহিত্য |
| General subdivision | সংগ্রহ |
| 9 (RLIN) | 122902 |
| Topical term or geographic name as entry element | Bengali Literature |
| General subdivision | Collections |
| 9 (RLIN) | 136141 |
| 700 ## - ADDED ENTRY--PERSONAL NAME | |
| Personal name | বিশী, প্রমথনাথ, সম্পাদক |
| 942 ## - ADDED ENTRY ELEMENTS (KOHA) | |
| Source of classification or shelving scheme | Dewey Decimal Classification |
| Koha item type | Books |
| Lost status | Source of classification or shelving scheme | Damaged status | Not for loan | Collection code | Permanent Location | Current Location | Shelving location | Date acquired | Source of acquisition | Cost, normal purchase price | Total Checkouts | Full call number | Date last seen | Copy number | Koha item type |
|---|---|---|---|---|---|---|---|---|---|---|---|---|---|---|---|
| Dewey Decimal Classification | Non-fiction | Central Library, University of Rajshahi | Central Library, University of Rajshahi | 01/06/1973 | Uttorbanga Library : Rajshahi | 12.00 | B 891.4408 GHG 1965 | 21/09/2016 | C-2 | Books | |||||
| Dewey Decimal Classification | Non-fiction | Central Library, University of Rajshahi | Central Library, University of Rajshahi | 18/08/1973 | Indian govt. gift | B 891.4408 GHG 1965 | 28/11/2016 | C-3 | Books |